000 01021nam a2200229Ia 4500
001 265.5-BON re li (22175)
003 IT-MiSPE
008 171229s9999||||xx |||||||||||||| ||und||
040 _aIT-MiSPE
_cIT-MiSPE
041 _aITALIANO
100 _aRenzo Bonetti
245 0 _aLa liturgia della famiglia
_bLa coppia sacramento dell'amore
250 _a1a ed. (v)
260 _aCinisello B.mo
_bSan Paolo
_c2012
300 _a176 p.
_c20 cm
490 _aProgetto famiglia
_v127
500 _aMatrimonio
501 _aEdizioni San Paolo srl - Piazza Soncino, 5 - 20092 CINISELLO BALSAMO (MI) (non commercial uses only) ® Copyright 2018
942 _cBK
957 _71
999 _a13542
_bNO
_g Copie: 1
_c345441
_d345441